| 000 | 00665nam a2200193 a 4500 | ||
|---|---|---|---|
| 001 | 000029138 | ||
| 005 | 20240229073828.0 | ||
| 008 | 110413s1982 dr a 000 0 spa d | ||
| 040 |
_aDO-SdBNP _bspa _cBNPHU |
||
| 082 |
_axxx _bR424a |
||
| 245 | 0 | 1 |
_aReordenamiento de la administración del estado / _cpresentación Raymundo Amaro Guzmán. |
| 260 |
_aSanto Domingo : _bPublicaciones ONAP, _c1982. |
||
| 300 |
_aix, 48 p. : _bil. ; _c21 cm. |
||
| 490 | 1 |
_aGuías informativas _vno. 4 |
|
| 504 | _aIncluye referencias bibliográficas al pie de las páginas | ||
| 700 | 1 |
_aAmaro Guzmán, Raymundo _9656 |
|
| 830 | 0 |
_aGuías informativas _vno. 4 _936128 |
|
| 049 | _aBNGR | ||
| 999 |
_c28630 _d28630 |
||